00472nam a2200169 a 4500001001300000003000900013005001700022008004100039020000900080082002000089245003100109260006100140300000800201500003500209650001600244710004200260nice12345678IN_TiNIC20260116014649.0080421s1982 newa grd 000 0 urd  ac6000a305.40954bCEN3 aYeh Sirf Kahani Nahin (CD) aNew DelhibCentre for Development of Instructionalc1982 a00p aincludes index and biblioraphy aWomen-India2 aCentre for Development of Instruction